[Event "Sydney International Open"]
[Site "Parramatta, NSW"]
[Date "2009.04.16"]
[Round "4.44"]
[White "Wan, Kinto"]
[Black "Grigg, Sam"]
[Result "0-1"]
[WhiteElo "1402"]
[BlackElo "1927"]
[PlyCount "94"]
[EventDate "2009.04.15"]
[EventType "swiss"]
[EventRounds "9"]
[EventCountry "AUS"]
[SourceDate "2009.04.15"]

1. e4 e6 2. d4 d5 3. exd5 exd5 4. c4 Nf6 5. Nc3 c6 6. Nf3 Bd6 7. Be2 O-O 8. O-O
Bg4 9. c5 Bc7 10. b4 Nbd7 11. a4 a6 12. Be3 Bb8 13. h3 Bh5 14. Qd2 Qc7 15. g3
Re8 16. a5 Nf8 17. Bf4 Qd7 18. Bxb8 Raxb8 19. Kg2 Ne4 20. Nxe4 dxe4 21. Nh2
Bxe2 22. Qxe2 Qxd4 23. Rab1 Rbd8 24. Rfd1 Qe5 25. Ng4 Qe6 26. Ne3 f5 27. Qc4 g6
28. Qxe6+ Nxe6 29. Nc4 Rxd1 30. Rxd1 Rd8 31. Rxd8+ Nxd8 32. f3 exf3+ 33. Kxf3
Kf7 34. Kf4 Ke6 35. Nd6 h6 36. h4 Nf7 37. Nxf7 Kxf7 38. Ke5 h5 39. Kd6 g5 40.
Kc7 gxh4 41. gxh4 f4 42. Kxb7 f3 43. Kxa6 f2 44. Kb7 f1=Q 45. Kxc6 Qa6+ 46. Kc7
Ke7 47. b5 Qxb5 0-1

[Event "Sydney International Open"]
[Site "Parramatta, NSW"]
[Date "2009.04.16"]
[Round "4.45"]
[White "McKenzie, Mark"]
[Black "Jule, Sebastian"]
[Result "0-1"]
[WhiteElo "1203"]
[BlackElo "1847"]
[PlyCount "102"]
[EventDate "2009.04.15"]
[EventType "swiss"]
[EventRounds "9"]
[EventCountry "AUS"]
[SourceDate "2009.04.15"]

1. d4 Nf6 2. c4 c5 3. d5 e6 4. Nc3 exd5 5. Nxd5 Nxd5 6. Qxd5 d6 7. e4 Nc6 8.
Nf3 Be6 9. Qd2 g6 10. Ng5 Bh6 11. Qc3 Qa5 12. Nxe6 Qxc3+ 13. bxc3 Bxc1 14. Nc7+
Kd7 15. Nxa8 Bb2 16. Rb1 Bxc3+ 17. Kd1 Na5 18. Nb6+ axb6 19. Rxb6 Kc7 20. Rb1
Nc6 21. Kc2 Bd4 22. f4 Ra8 23. Rb2 Bxb2 24. Kxb2 Re8 25. Bd3 f6 26. Re1 Nd4 27.
Bf1 Ne6 28. g3 g5 29. f5 Nd4 30. g4 Nf3 31. Re2 Ne5 32. Rg2 Rh8 33. h3 h5 34.
Rg3 hxg4 35. hxg4 Rh1 36. Bd3 Rh4 37. Kc3 Nxg4 38. a4 Nf2 39. Kb3 Nxd3 40. Rxd3
Rxe4 41. a5 Rf4 42. Rd5 g4 43. Rd1 Rxf5 44. Ka4 Rf2 45. Rb1 g3 46. Kb5 g2 47.
a6 bxa6+ 48. Kxa6 Rf1 49. Rb7+ Kc8 50. Kb6 Rb1+ 51. Kc6 Rxb7 0-1

[Event "Sydney International Open"]
[Site "Parramatta, NSW"]
[Date "2009.04.16"]
[Round "4.46"]
[White "Gibbons, Bob"]
[Black "Ruan, Harry"]
[Result "1-0"]
[WhiteElo "2067"]
[BlackElo "1815"]
[PlyCount "89"]
[EventDate "2009.04.15"]
[EventType "swiss"]
[EventRounds "9"]
[EventCountry "AUS"]
[SourceDate "2009.04.15"]

1. d4 d5 2. c4 e6 3. Nf3 Nf6 4. Nc3 Bb4 5. Bd2 O-O 6. e3 b6 7. Be2 Be7 8. O-O
c5 9. cxd5 exd5 10. Ne5 Bb7 11. Rc1 Nbd7 12. f4 Ne4 13. Be1 f5 14. Nxe4 fxe4
15. Bc3 Nxe5 16. fxe5 Rxf1+ 17. Qxf1 Qf8 18. Bg4 Qxf1+ 19. Rxf1 Rf8 20. Be6+
Kh8 21. Rxf8+ Bxf8 22. Kf2 Be7 23. Ke2 g6 24. Be1 Kg7 25. Bg3 c4 26. Be1 a5 27.
Bd7 Kf7 28. Bg3 Bg5 29. e6+ Ke7 30. Bc7 Ba6 31. Kf2 b5 32. Bxa5 Bf6 33. Bb4+
Kd8 34. Bc6 Bc8 35. Bxd5 Bg5 36. a4 bxa4 37. Bxc4 Bb7 38. d5 Bf6 39. d6 Bc6 40.
b3 axb3 41. Bxb3 Be5 42. g3 Ke8 43. Bc4 h6 44. Ba6 g5 45. Bc8 1-0

[Event "Sydney International Open"]
[Site "Parramatta, NSW"]
[Date "2009.04.16"]
[Round "4.47"]
[White "Draup, Hj Abang Azman"]
[Black "Tsagarakis, Angelo"]
[Result "0-1"]
[WhiteElo "1725"]
[BlackElo "1919"]
[PlyCount "92"]
[EventDate "2009.04.15"]
[EventType "swiss"]
[EventRounds "9"]
[EventCountry "AUS"]
[SourceDate "2009.04.15"]

1. d4 Nf6 2. c4 e5 3. dxe5 Ng4 4. Nf3 Nc6 5. h3 Ngxe5 6. e4 Bb4+ 7. Bd2 Qe7 8.
Be2 O-O 9. O-O d6 10. a3 Bxd2 11. Nbxd2 Qf6 12. b4 Be6 13. Nxe5 dxe5 14. Nf3
Qg6 15. Kh1 Qxe4 16. Bd3 Qf4 17. Qc2 f5 18. Ng1 e4 19. Be2 Rad8 20. g3 Qh6 21.
Rad1 Nd4 22. Qb2 Qf6 23. Rfe1 Nxe2 24. Qxe2 Qf7 25. c5 Bc4 26. Qe3 Bd3 27. Qf4
Rd7 28. h4 Rfd8 29. Nh3 h6 30. Rc1 c6 31. Rcd1 e3 32. f3 e2 33. Ra1 Bc4 34. Kg2
Rd4 35. Qe5 Rd1 36. Kf2 R1d5 37. Qc3 Rd3 38. Qe5 Bd5 39. Ng1 Re8 40. Qf4 Qf6
41. Rab1 g5 42. hxg5 hxg5 43. Qc7 Qd4+ 44. Kg2 Qg4 45. Qxb7 Bxf3+ 46. Kf2 Qd4#
0-1

[Event "Sydney International Open"]
[Site "Parramatta, NSW"]
[Date "2009.04.16"]
[Round "4.48"]
[White "Wang, Oscar"]
[Black "Brockman, Roland"]
[Result "1-0"]
[WhiteElo "1910"]
[BlackElo "1764"]
[PlyCount "137"]
[EventDate "2009.04.15"]
[EventType "swiss"]
[EventRounds "9"]
[EventCountry "AUS"]
[SourceDate "2009.04.15"]

1. e4 Nf6 2. e5 Nd5 3. d4 d6 4. Nf3 dxe5 5. Nxe5 c6 6. Bc4 Nd7 7. O-O g6 8.
Nxd7 Bxd7 9. c3 Bg7 10. Nd2 O-O 11. Ne4 b5 12. Bb3 Bf5 13. Ng3 Be6 14. Re1 Qd7
15. Ne4 Qc7 16. Bd2 a5 17. Qc1 a4 18. Bc2 Rfd8 19. Bh6 Bh8 20. Nc5 Bc8 21. Bg5
Re8 22. Qd2 Nb6 23. b3 axb3 24. axb3 Rxa1 25. Rxa1 Bf6 26. Re1 Bxg5 27. Qxg5
Nd5 28. Ne4 Kg7 29. c4 bxc4 30. bxc4 Nf6 31. Ng3 Rd8 32. Qe3 e6 33. h3 Ba6 34.
Bb3 Qb6 35. Ne2 Qb4 36. Rc1 Rb8 37. Rc3 Qa5 38. g4 h6 39. f4 Bc8 40. g5 hxg5
41. fxg5 Nh5 42. Qe5+ Qxe5 43. dxe5 c5 44. Kf2 Bb7 45. Bc2 Rd8 46. Rd3 Rxd3 47.
Bxd3 Kf8 48. Ke3 Ng7 49. Nc1 Nf5+ 50. Bxf5 exf5 51. Nb3 Ke7 52. Nxc5 Bg2 53. h4
Bf1 54. Kd4 Bg2 55. Nd3 Kd7 56. Kc5 Be4 57. Nf4 Kc7 58. h5 gxh5 59. Nxh5 Bf3
60. Nf4 Be4 61. e6 fxe6 62. Nxe6+ Kd7 63. Nf4 Ke7 64. Kd4 Kd6 65. g6 Ke7 66.
Ke5 Kf8 67. Kf6 Kg8 68. g7 Bc6 69. Ng6 1-0

[Event "Sydney International Open"]
[Site "Parramatta, NSW"]
[Date "2009.04.16"]
[Round "4.49"]
[White "Zamahari, Abang Draup"]
[Black "Rachmadi, Herman"]
[Result "1/2-1/2"]
[WhiteElo "1636"]
[BlackElo "1842"]
[PlyCount "76"]
[EventDate "2009.04.15"]
[EventType "swiss"]
[EventRounds "9"]
[EventCountry "AUS"]
[SourceDate "2009.04.15"]

1. d4 Nf6 2. c4 g6 3. Nc3 Bg7 4. e3 O-O 5. Bd3 d6 6. Nf3 c5 7. d5 a6 8. O-O Re8
9. a3 e5 10. e4 Nh5 11. Be2 Nf4 12. Rb1 f5 13. Bxf4 exf4 14. exf5 Bxf5 15. Bd3
Bd7 16. Qd2 g5 17. Ne4 g4 18. Ne1 Be5 19. g3 Rf8 20. Bc2 b5 21. Nd3 bxc4 22.
Nxe5 dxe5 23. Nxc5 Bb5 24. Qd1 Bd7 25. d6 Qg5 26. Qd5+ Kh8 27. Qxa8 Bc6 28. Qa7
Qh5 29. Qe7 Re8 30. Qf6+ Kg8 31. Ne6 Rxe6 32. Qxe6+ Kf8 33. Qe7+ Kg8 34. Qd8+
Kg7 35. Qxb8 Bf3 36. Qc7+ Kg8 37. Qxh7+ Qxh7 38. Bxh7+ Kxh7 1/2-1/2

[Event "Sydney International Open"]
[Site "Parramatta, NSW"]
[Date "2009.04.17"]
[Round "5.1"]
[White "Sengupta, Deep"]
[Black "Reinderman, Dimitri"]
[Result "1/2-1/2"]
[WhiteElo "2466"]
[BlackElo "2560"]
[Annotator "Bugzilla"]
[PlyCount "116"]
[EventDate "2009.04.15"]
[EventType "swiss"]
[EventRounds "9"]
[EventCountry "AUS"]
[SourceDate "2009.04.15"]

1. e4 c5 2. Nf3 Nc6 3. Nc3 Nf6 4. d4 cxd4 5. Nxd4 e5 6. Ndb5 d6 7. Nd5 Nxd5 8.
exd5 Nb8 9. a4 Be7 10. Be2 O-O 11. O-O Nd7 12. Kh1 f5 13. f4 a6 14. Na3 exf4
15. Bxf4 g5 16. Bc1 Ne5 17. c4 f4 18. Nc2 Bf5 19. Nd4 Qc8 20. Ra3 a5 21. Rc3
Bf6 22. c5 dxc5 23. Nxf5 Qxf5 24. d6 b6 25. Rb3 Rab8 26. Qd5+ Kg7 27. Bd3 Qg4
28. Bb5 Qh5 29. Re1 Ng4 30. h3 Qh4 31. Bd2 Nf2+ 32. Kg1 g4 33. Re7+ Kh8 34.
Bxf4 gxh3 35. Rf3 hxg2 36. Kxg2 Rg8+ 37. Kf1 Ng4 38. Qd3 Rbf8 39. Rxh7+ Qxh7
40. Rh3 Rg7 41. Rxh7+ Rxh7 42. Ke2 Be5 43. d7 Bd4 44. Qe4 $2 (44. Qg3 $142)
44... Nf6 45. Qe6 Nxd7 46. Bxd7 Rxf4 47. Qe8+ Kg7 48. Be6 Rh8 49. Qd7+ Kg6 50.
Bd5 Bf6 51. b3 Rd4 52. Qe6 Rd8 53. Be4+ Kg7 54. Qf5 R8d6 55. Kf3 Rd1 56. Qh7+
Kf8 57. Qb7 Be7 58. Qc8+ Kg7 1/2-1/2

[Event "Sydney International Open"]
[Site "Parramatta, NSW"]
[Date "2009.04.17"]
[Round "5.2"]
[White "Johansen, Darryl"]
[Black "Deepan Chakkravarthy, J."]
[Result "1/2-1/2"]
[WhiteElo "2452"]
[BlackElo "2482"]
[PlyCount "61"]
[EventDate "2009.04.15"]
[EventType "swiss"]
[EventRounds "9"]
[EventCountry "AUS"]
[SourceDate "2009.04.15"]

1. d4 d5 2. c4 c6 3. Nf3 Nf6 4. Qc2 dxc4 5. Qxc4 Bf5 6. Nc3 Nbd7 7. g3 e6 8.
Bg2 Be7 9. O-O O-O 10. Bg5 h6 11. Bxf6 Nxf6 12. Ne5 Rc8 13. e3 Qb6 14. Na4 Qb5
15. b3 Ne4 16. Rfd1 Qxc4 17. bxc4 b5 18. Nc5 Bxc5 19. dxc5 f6 20. Bxe4 Bxe4 21.
f3 fxe5 22. fxe4 bxc4 23. Rac1 Rb8 24. Rd2 Rfd8 25. Rd6 Rxd6 26. cxd6 Rd8 27.
Rxc4 Rxd6 28. a4 Kf7 29. Rc5 Kf6 30. h3 g6 31. Kf2 1/2-1/2

[Event "Sydney International Open"]
[Site "Parramatta, NSW"]
[Date "2009.04.17"]
[Round "5.4"]
[White "Smirnov, Vladimir"]
[Black "Zhao, Zong Yuan"]
[Result "0-1"]
[WhiteElo "2365"]
[BlackElo "2583"]
[PlyCount "98"]
[EventDate "2009.04.15"]
[EventType "swiss"]
[EventRounds "9"]
[EventCountry "AUS"]
[SourceDate "2009.04.15"]

1. d4 Nf6 2. Nf3 e6 3. c4 b6 4. e3 Bb7 5. Nbd2 d5 6. Bd3 Nbd7 7. b3 Bd6 8. Bb2
O-O 9. O-O Ne4 10. Qe2 a5 11. Bc2 f5 12. Ne5 a4 13. f4 a3 14. Bc1 Ndf6 15. Nxe4
Nxe4 16. Bd2 Nxd2 17. Qxd2 Qe7 18. Rac1 c5 19. Bd3 Rfd8 20. Qe2 Rac8 21. Rfd1
Bxe5 22. dxe5 d4 23. Bb1 Rc7 24. exd4 cxd4 25. Qf2 Rcd7 26. Rd2 h6 27. Rcd1 Qc5
28. Rd3 Be4 29. R3d2 Kh7 30. Bd3 Bb7 31. Bf1 g5 32. b4 Qxb4 33. Rxd4 Rxd4 34.
Rxd4 Rxd4 35. Qxd4 Qc5 36. Qxc5 bxc5 37. fxg5 Be4 38. g4 fxg4 39. Kf2 Bb1 40.
Ke3 Bxa2 41. Bd3+ Kg7 42. gxh6+ Kxh6 43. Kd2 Bb3 44. Kc3 a2 45. Kb2 Kg5 46. Bf1
Kf5 47. Be2 Kf4 48. Ka1 g3 49. hxg3+ Kxg3 0-1

[Event "Sydney International Open"]
[Site "Parramatta, NSW"]
[Date "2009.04.17"]
[Round "5.5"]
[White "Neelotpal, Das"]
[Black "Karavade, Eesha"]
[Result "1/2-1/2"]
[WhiteElo "2514"]
[BlackElo "2359"]
[PlyCount "45"]
[EventDate "2009.04.15"]
[EventType "swiss"]
[EventRounds "9"]
[EventCountry "AUS"]
[SourceDate "2009.04.15"]

1. d4 Nf6 2. Nf3 g6 3. Bg5 Bg7 4. Nbd2 c5 5. c3 d6 6. e4 O-O 7. dxc5 dxc5 8.
Bc4 Nc6 9. Qe2 h6 10. Bxf6 exf6 11. O-O-O Qe7 12. Rhe1 Re8 13. Nh4 Ne5 14. Bb3
f5 15. g3 f4 16. Nc4 Nxc4 17. Bxc4 Be6 18. Bxe6 Qxe6 19. Kb1 fxg3 20. hxg3 Rad8
21. Rxd8 Rxd8 22. Ng2 g5 23. f3 1/2-1/2

[Event "Sydney International Open"]
[Site "Parramatta, NSW"]
[Date "2009.04.17"]
[Round "5.6"]
[White "Kunte, Abhijit"]
[Black "Rej, Tomek"]
[Result "1-0"]
[WhiteElo "2513"]
[BlackElo "2308"]
[PlyCount "53"]
[EventDate "2009.04.15"]
[EventType "swiss"]
[EventRounds "9"]
[EventCountry "AUS"]
[SourceDate "2009.04.15"]

1. d4 d5 2. c4 e6 3. Nf3 c6 4. Qc2 Be7 5. g3 Nf6 6. Bg2 O-O 7. O-O b5 8. c5
Nbd7 9. Nbd2 Qc7 10. e4 e5 11. exd5 Nxd5 12. Re1 exd4 13. Nxd4 Bxc5 14. N2b3
Bxd4 15. Nxd4 N7b6 16. Qxc6 Qxc6 17. Nxc6 Bb7 18. Na5 Rab8 19. Nxb7 Rxb7 20.
Bd2 Rd7 21. Rad1 h6 22. Ba5 Rfd8 23. Bf1 a6 24. Rd4 Kf8 25. Red1 Ke7 26. Bg2
Rd6 27. Bxd5 1-0

[Event "Sydney International Open"]
[Site "Parramatta, NSW"]
[Date "2009.04.17"]
[Round "5.7"]
[White "Roy Chowdhury, Saptarshi"]
[Black "Dragicevic, Domagoj"]
[Result "1-0"]
[WhiteElo "2469"]
[BlackElo "2251"]
[PlyCount "51"]
[EventDate "2009.04.15"]
[EventType "swiss"]
[EventRounds "9"]
[EventCountry "AUS"]
[SourceDate "2009.04.15"]

1. e4 c5 2. Nf3 d6 3. c3 Nf6 4. Be2 Nbd7 5. d3 g6 6. Nbd2 Bg7 7. Nf1 b6 8. Ng3
Bb7 9. h4 h5 10. O-O Qc7 11. Ng5 Nh7 12. d4 Nxg5 13. Bxg5 Bf6 14. Bxf6 Nxf6 15.
Bb5+ Bc6 16. Bxc6+ Qxc6 17. Re1 O-O-O 18. a4 Kb7 19. a5 Ra8 20. b4 cxb4 21.
cxb4 Qc4 22. e5 dxe5 23. a6+ Kb8 24. dxe5 Nd5 25. Qf3 Rd8 26. Qxf7 1-0

[Event "Sydney International Open"]
[Site "Parramatta, NSW"]
[Date "2009.04.17"]
[Round "5.8"]
[White "Wright, Neil"]
[Black "Sriram, Jha"]
[Result "0-1"]
[WhiteElo "2208"]
[BlackElo "2453"]
[PlyCount "170"]
[EventDate "2009.04.15"]
[EventType "swiss"]
[EventRounds "9"]
[EventCountry "AUS"]
[SourceDate "2009.04.15"]

1. Nf3 d5 2. d4 Nf6 3. c4 c6 4. Qc2 g6 5. Bf4 dxc4 6. Qxc4 Bg7 7. e3 O-O 8. Be2
Be6 9. Qc2 Na6 10. O-O Nb4 11. Qd2 a5 12. Nc3 Bf5 13. Rfd1 Ne4 14. Nxe4 Bxe4
15. Ng5 Bc2 16. Rdc1 e5 17. Bxe5 Bxe5 18. Nf3 Bd6 19. a3 Be4 20. axb4 axb4 (
20... Bxb4) 21. Rxa8 Qxa8 22. Ng5 Bf5 23. Bc4 (23. e4 Bd7 24. e5 Be7 25. Ne4)
23... Be7 24. e4 Bxg5 25. Qxg5 Bxe4 26. Re1 b5 27. Bb3 Bd5 28. Bxd5 cxd5 29.
Qe7 b3 30. h4 Qd8 31. Qe5 Qxh4 32. Qxd5 Rd8 33. Qxb3 Qxd4 34. Qxb5 Rd5 35. Qe8+
Kg7 36. Qe4 Qxe4 37. Rxe4 Rd1+ 38. Kh2 Rd2 39. f3 Rxb2 40. Ra4 h5 41. Kh3 Rb3
42. Ra5 Re3 43. Rb5 Kf6 44. Rb7 g5 45. Rb6+ Kg7 46. Kg3 Ra3 47. Rc6 f6 48. Rb6
Kg6 49. Rc6 h4+ 50. Kh3 Ra1 51. Kh2 Re1 52. Ra6 Kf5 53. Ra5+ Kf4 54. Ra3 f5 55.
Ra4+ Ke3 56. Ra3+ Kf4 57. Ra4+ Ke5 58. Ra5+ Kf6 59. Ra6+ Re6 60. Ra4 Rd6 61.
Kh3 Ke6 62. Ra5 Rd1 63. Kh2 Rd5 64. Ra4 Ke5 65. Rb4 Rd4 66. Rb8 Kf4 67. Rf8 (
67. Rb3) 67... Rd5 68. Rf7 Rd1 69. Rf8 h3 70. gxh3 Rd2+ 71. Kg1 Kg3 72. Kf1
Rf2+ 73. Kg1 Ra2 74. Kf1 f4 75. Rb8 Ra3 76. Rb2 Rxf3+ 77. Kg1 Kxh3 78. Rg2 Kh4
79. Ra2 Rb3 80. Kg2 g4 81. Ra1 Rb2+ 82. Kg1 f3 83. Kh1 Kg3 84. Kg1 Rg2+ 85. Kf1
Rh2 0-1

[Event "Sydney International Open"]
[Site "Parramatta, NSW"]
[Date "2009.04.17"]
[Round "5.9"]
[White "Satyapragyan, Swayangsu"]
[Black "Fernandez, Daniel Howard"]
[Result "1/2-1/2"]
[WhiteElo "2428"]
[BlackElo "2171"]
[PlyCount "122"]
[EventDate "2009.04.15"]
[EventType "swiss"]
[EventRounds "9"]
[EventCountry "AUS"]
[SourceDate "2009.04.15"]

1. e4 c6 2. d4 d5 3. exd5 cxd5 4. Bd3 Nc6 5. c3 Nf6 6. h3 e5 7. dxe5 Nxe5 8.
Bc2 Bc5 9. Ne2 O-O 10. Nd2 Re8 11. Nb3 Bb6 12. Nbd4 Ne4 13. O-O Ng6 14. Nf4 Bc7
15. Nde2 Nxf4 16. Nxf4 Be6 17. c4 Bxf4 18. Bxf4 Qf6 19. Bh2 Rad8 20. Bc7 Rc8
21. cxd5 Bxh3 22. Bxe4 Rxe4 23. Bg3 Bd7 24. Qb3 b6 25. Rfe1 Qd4 26. Rad1 Ba4
27. Rxe4 Qxe4 28. Qd3 Bc2 29. Qxe4 Bxe4 30. f3 Bf5 31. Re1 f6 32. Re7 Rd8 33.
d6 Rd7 34. Re8+ Kf7 35. Ra8 Be6 36. a3 g5 {Black offered a draw.} 37. Kf2 Bd5
38. Rc8 Ke6 39. Re8+ Kf7 40. Re1 h5 41. Ke3 h4 42. Bh2 Bb7 43. Re2 Ba6 44. Rc2
Ke6 45. Kd4 Bb7 46. Re2+ Kf7 47. b4 Ba6 48. Rc2 Ke6 49. a4 Bb7 50. Re2+ Kf7 51.
b5 Ba8 52. Ra2 Ke6 53. Re2+ Kf7 54. Ra2 Ke6 55. a5 bxa5 56. Kc5 h3 57. Re2+ Kf7
58. gxh3 Bxf3 59. Rf2 Be4 60. Ra2 f5 61. Rxa5 Ke6 1/2-1/2

[Event "Sydney International Open"]
[Site "Parramatta, NSW"]
[Date "2009.04.17"]
[Round "5.10"]
[White "Swathi, Ghate"]
[Black "Mas, Hafizulhelmi"]
[Result "1-0"]
[WhiteElo "2330"]
[BlackElo "2425"]
[PlyCount "77"]
[EventDate "2009.04.15"]
[EventType "swiss"]
[EventRounds "9"]
[EventCountry "AUS"]
[SourceDate "2009.04.15"]

1. e4 c5 2. Nf3 d6 3. d4 cxd4 4. Nxd4 Nf6 5. Nc3 a6 6. Be3 Ng4 7. Bg5 h6 8. Bh4
g5 9. Bg3 Bg7 10. h3 Ne5 11. f3 Nbc6 12. Bf2 Be6 13. Nf5 Bxf5 14. exf5 e6 15.
Qd2 d5 16. fxe6 fxe6 17. h4 b5 18. Nd1 Qe7 19. c3 Kf7 20. Be3 Bf6 21. Nf2 Na5
22. Bd4 Qc7 23. Ng4 Nxg4 24. fxg4 Qg3+ 25. Kd1 Bxd4 26. Qxd4 Nc6 27. Qb6 Rac8
28. Be2 d4 29. Rh3 Qe5 30. Ke1 Rhd8 31. Rd1 dxc3 32. Rxd8 Nxd8 33. bxc3 Qc5 34.
Qxa6 b4 35. Qa4 Nc6 36. Qc2 Kg7 37. hxg5 bxc3 38. gxh6+ Kh8 39. Qxc3+ 1-0

[Event "Sydney International Open"]
[Site "Parramatta, NSW"]
[Date "2009.04.17"]
[Round "5.11"]
[White "Ghane Gardeh, Shojaat"]
[Black "Setiawan, Akwie"]
[Result "1-0"]
[WhiteElo "2415"]
[BlackElo "2185"]
[PlyCount "73"]
[EventDate "2009.04.15"]
[EventType "swiss"]
[EventRounds "9"]
[EventCountry "AUS"]
[SourceDate "2009.04.15"]

1. d4 d5 2. Bf4 Nf6 3. e3 e6 4. Nd2 Bd6 5. Bg3 O-O 6. Bd3 c5 7. c3 Nc6 8. f4 b6
9. Nh3 Bb7 10. Bh4 Be7 11. Bxf6 Bxf6 12. Nf3 g6 13. g4 c4 14. Bc2 b5 15. g5 Bg7
16. Nf2 b4 17. h4 bxc3 18. bxc3 Ne7 19. Ne5 Rc8 20. Nfg4 Nf5 21. Qf3 Nd6 22.
Kd2 Qa5 23. Rhb1 Bc6 24. a4 Qc7 25. h5 Rb8 26. Qh3 Rxb1 27. Rxb1 Bxa4 28. hxg6
fxg6 29. Bxa4 Ne4+ 30. Kc2 Qa5 31. Rb4 Qa6 32. Nc6 Re8 33. Nh6+ Kf8 34. Nb8 Qd6
35. Bxe8 Kxe8 36. Rb7 Bf8 37. Nf7 1-0

[Event "Sydney International Open"]
[Site "Parramatta, NSW"]
[Date "2009.04.17"]
[Round "5.12"]
[White "Schon, Eugene"]
[Black "Akshayraj, Kore"]
[Result "0-1"]
[WhiteElo "2186"]
[BlackElo "2404"]
[PlyCount "56"]
[EventDate "2009.04.15"]
[EventType "swiss"]
[EventRounds "9"]
[EventCountry "AUS"]
[SourceDate "2009.04.15"]

1. e4 c5 2. Nf3 d6 3. d4 Nf6 4. Nc3 cxd4 5. Nxd4 Nc6 6. Bg5 Qa5 7. Bxf6 gxf6 8.
Nb3 Qd8 9. Qh5 a6 10. O-O-O b5 11. f4 e6 12. f5 Ke7 13. Nd4 Nxd4 14. Rxd4 Qb6
15. Rd3 Bb7 16. fxe6 fxe6 17. a3 Qc5 18. Qh3 h5 19. Be2 Bh6+ 20. Kb1 Bf4 21.
Rf1 Be5 22. Bxh5 b4 23. axb4 Qxb4 24. Re3 Rab8 25. Nd1 Bxe4 26. Qg4 d5 27. Qg7+
Kd6 28. Rxf6 Rxh5 0-1

[Event "Sydney International Open"]
[Site "Parramatta, NSW"]
[Date "2009.04.17"]
[Round "5.13"]
[White "Zibaei, Abdoulla"]
[Black "Mahmud, Syarif"]
[Result "1-0"]
[WhiteElo "2067"]
[BlackElo "2373"]
[PlyCount "182"]
[EventDate "2009.04.15"]
[EventType "swiss"]
[EventRounds "9"]
[EventCountry "AUS"]
[SourceDate "2009.04.15"]

1. e4 c5 2. Nf3 Nc6 3. d4 cxd4 4. Nxd4 g6 5. Nc3 Bg7 6. Be3 Nf6 7. f3 O-O 8.
Qd2 d5 9. exd5 Nxd5 10. Nxc6 bxc6 11. Bd4 e5 12. Bc5 Re8 13. O-O-O Be6 14. Ne4
Qc7 15. Bc4 Rad8 16. Qf2 Rd7 17. Bb3 Red8 18. Qh4 Nf4 19. Rxd7 Qxd7 20. Qf2
Nxg2 21. Qxg2 Bh6+ 22. Ng5 Bh3 23. Qe2 Bxg5+ 24. Be3 Qf5 25. Re1 Bxe3+ 26. Qxe3
Qf4 27. Qxf4 exf4 28. Re7 g5 29. Rxf7 Kh8 30. Bc4 Rd7 31. Rf6 Bg2 32. Be2 Re7
33. Kd2 c5 34. h4 gxh4 35. Rxf4 h3 36. Rh4 Kg7 37. Bd3 Kf6 38. f4 c4 39. Bxc4
Rg7 40. Ke1 Rg3 41. Kf2 Rf3+ 42. Kg1 Kg7 43. Be2 Rg3 44. Kf2 Rg6 45. Bd3 Rd6
46. Rxh7+ Kg8 47. Rh4 Rb6 48. b3 a5 49. a4 Rc6 50. Kg3 Rc3 51. Kh2 Kf7 52. Rh5
Rc8 53. Rxa5 Rh8 54. Rc5 Rh4 55. a5 Ke6 56. a6 Rxf4 57. a7 Rf2 58. Kg1 Rd2 59.
Rh5 Rd1+ 60. Kf2 Ra1 61. Rh7 Ke5 62. Kg3 Kd6 63. Be2 Be4 64. Rh6+ Ke5 65. Rh5+
Kd4 66. Rxh3 Rxa7 67. Rh4 Ke3 68. c3 Ra2 69. Bf1 Rc2 70. c4 Rb2 71. Kg4 Bf3+
72. Kg5 Rb1 73. Bh3 Rxb3 74. Be6 Rc3 75. Kf6 Be2 76. Rh3+ Kd4 77. Rxc3 Kxc3 78.
c5 Bb5 79. Ke5 Kb4 80. Kd6 Ka5 81. Bc8 Be2 82. Bb7 Bh5 83. Bc8 Bf3 84. Be6 Kb5
85. Bd5 Bg4 86. Bc6+ Ka6 87. Bd5 Kb5 88. Be4 Ka6 89. Bg2 Bf5 90. Bf3 Bh3 91.
Kc7 Bf1 {Black lost on time.} 1-0

[Event "Sydney International Open"]
[Site "Parramatta, NSW"]
[Date "2009.04.17"]
[Round "5.14"]
[White "Rathnakaran, K."]
[Black "Amrutha, Mokal"]
[Result "1-0"]
[WhiteElo "2427"]
[BlackElo "2155"]
[PlyCount "62"]
[EventDate "2009.04.15"]
[EventType "swiss"]
[EventRounds "9"]
[EventCountry "AUS"]
[SourceDate "2009.04.15"]

1. e4 c5 2. Nf3 e6 3. d3 Nc6 4. g3 g6 5. Bg2 Bg7 6. O-O Nge7 7. c3 O-O 8. Be3
d6 9. Qd2 e5 10. Bh6 f5 11. Bxg7 Kxg7 12. exf5 gxf5 13. Re1 Ng6 14. b4 f4 15.
Qb2 cxb4 16. cxb4 Qb6 17. a3 Bg4 18. Nbd2 Rae8 19. b5 Nd8 20. d4 Bxf3 21. Nxf3
e4 22. d5+ Kg8 23. Nd4 f3 24. Bh3 Re5 25. Rac1 Ne7 26. Ne6 Nxe6 27. Bxe6+ Rxe6
28. dxe6 d5 29. Qe5 Rf5 30. Rc8+ Nxc8 31. Qxf5 Qd8 1-0

[Event "Sydney International Open"]
[Site "Parramatta, NSW"]
[Date "2009.04.17"]
[Round "5.15"]
[White "Lane, Gary"]
[Black "Ayvazyan, Armen"]
[Result "1-0"]
[WhiteElo "2371"]
[BlackElo "2210"]
[PlyCount "73"]
[EventDate "2009.04.15"]
[EventType "swiss"]
[EventRounds "9"]
[EventCountry "AUS"]
[SourceDate "2009.04.15"]

1. e4 c5 2. Nf3 Nc6 3. d4 cxd4 4. Nxd4 Nf6 5. Nc3 d6 6. Bg5 e6 7. Qd2 a6 8.
O-O-O Bd7 9. f3 Qc7 10. Kb1 b5 11. Nxc6 Bxc6 12. Ne2 Be7 13. Nd4 Bb7 14. h4 O-O
15. g4 Rae8 16. Be3 Nd7 17. g5 d5 18. g6 Bf6 19. gxh7+ Kxh7 20. exd5 Bxd5 21.
Bg5 Qe5 22. c3 Kh8 23. Re1 Qc7 24. Bxf6 Nxf6 25. Rg1 Nh7 26. Bd3 Qd8 27. Re5 f5
28. Rge1 Qd7 29. Qe3 Nf6 30. Bc2 Rd8 31. Nxe6 Bxe6 32. Rxe6 Ne4 33. Rxa6 Nd2+
34. Kc1 Nc4 35. Qg5 Qf7 36. Re7 Rfe8 37. Rae6 1-0

[Event "Sydney International Open"]
[Site "Parramatta, NSW"]
[Date "2009.04.17"]
[Round "5.16"]
[White "Bjelobrk, Igor"]
[Black "Bird, Andrew"]
[Result "1-0"]
[WhiteElo "2332"]
[BlackElo "2146"]
[PlyCount "51"]
[EventDate "2009.04.15"]
[EventType "swiss"]
[EventRounds "9"]
[EventCountry "AUS"]
[SourceDate "2009.04.15"]

1. d4 d5 2. c4 c6 3. Nf3 Nf6 4. e3 Bg4 5. Qb3 Qb6 6. Nc3 e6 7. Nh4 Bh5 8. h3
Nbd7 9. g4 Bg6 10. Nxg6 hxg6 11. Bg2 g5 12. Bd2 a5 13. cxd5 cxd5 14. O-O Be7
15. Rfc1 O-O 16. Rc2 Rfc8 17. Rac1 Ne8 18. Nxd5 Qxb3 19. Nxe7+ Kf8 20. axb3
Rxc2 21. Rxc2 Kxe7 22. Bxb7 Ra7 23. Bc6 Kd6 24. Kg2 f6 25. b4 a4 26. b5 1-0

[Event "Sydney International Open"]
[Site "Parramatta, NSW"]
[Date "2009.04.17"]
[Round "5.17"]
[White "Mohota, Nisha"]
[Black "Broekhuyse, Paul"]
[Result "1-0"]
[WhiteElo "2304"]
[BlackElo "2118"]
[PlyCount "83"]
[EventDate "2009.04.15"]
[EventType "swiss"]
[EventRounds "9"]
[EventCountry "AUS"]
[SourceDate "2009.04.15"]

1. d4 f5 2. Nf3 Nf6 3. g3 g6 4. Bg2 Bg7 5. b3 O-O 6. Bb2 d6 7. O-O c6 8. c4 e5
9. dxe5 Ng4 10. Nc3 Nxe5 11. Qd2 Qf6 12. Rad1 Rd8 13. c5 Nf7 14. cxd6 Rxd6 15.
Qf4 Rxd1 16. Rxd1 Na6 17. Na4 Qe7 18. Bxg7 Kxg7 19. h4 Be6 20. Qe3 Qf6 21. Ng5
Nxg5 22. hxg5 Qe7 23. Bf3 Kf7 24. Rd4 Rd8 25. Rxd8 Qxd8 26. Qxa7 Qd7 27. Qe3
Qd6 28. Qc3 Qd8 29. Qe3 Bd5 30. Qd4 Nc7 31. Qb6 Bxf3 32. exf3 Qd1+ 33. Kg2 Nd5
34. Qxb7+ Kg8 35. Qb8+ Kf7 36. Qa7+ Kg8 37. Nb2 Qe2 38. Nc4 f4 39. Qb8+ Kf7 40.
gxf4 Qxa2 41. Ne5+ Ke6 42. Qc8+ 1-0